000 00296nam a22001337a 4500
008 181020b xxu||||| |||| 00| 0 eng d
020 _a0534028993
041 _aeng
080 _a201
100 _a24
101 _aTEO
245 _aIntroduction to Christinaity
_cWeaver, M.J
942 _2udc
_cBK
999 _c50329
_d50329